[Event "Troy (US Am N/5/38)"]
[Site "?"]
[Date "1995.??.??"]
[Round "?"]
[White "Vangilder, W."]
[Black "Brumley, Ron"]
[Result "1-0"]
[WhiteElo "1605"]
[BlackElo "1605"]
[PlyCount "95"]
[EventDate "1995.??.??"]

{5/(38)} 1. d4 d5 2. c4 Nc6 3. Nf3 Nf6 4. Nc3 Bg4 5. Qb3 Bxf3 6. gxf3 e6 7.
cxd5 exd5 8. Bg5 Bb4 9. e3 h6 10. Bh4 Qe7 11. Bb5 a6 12. Bxc6+ bxc6 13. a3 Bd6
14. Qb7 O-O 15. Qxc6 Qe6 16. Bxf6 Qxf6 17. Ke2 Rfd8 18. Nxd5 Qh4 19. Rag1 Kh8
20. Rg4 Qh5 21. Rhg1 g6 22. Rc1 Qxh2 23. Rgg1 Qh5 24. Rh1 Qg5 25. Rcg1 Qf5 26.
Rxh6+ Kg7 27. Rgh1 Rh8 28. Rxh8 Rxh8 29. Rxh8 Kxh8 30. Qe8+ Kg7 31. e4 Qg5 32.
e5 a5 33. exd6 Qxd5 34. d7 Qc4+ 35. Ke3 Qc1+ 36. Ke4 Qc2+ 37. Kf4 Qf5+ 38. Kg3
Qg5+ 39. Kh2 Qh4+ 40. Kg1 Qg5+ 41. Kf1 Qc1+ 42. Qe1 Qc4+ 43. Kg1 Qxd4 44. Qc3
Qxc3 45. bxc3 c5 46. d8=Q c4 47. Qd4+ Kh6 48. Qxc4 1-0

[Event "East Lansing (MOR/4/28)"]
[Site "?"]
[Date "1995.??.??"]
[Round "?"]
[White "Vangilder, W."]
[Black "Alliston, Richard"]
[Result "0-1"]
[WhiteElo "1605"]
[BlackElo "1605"]
[PlyCount "62"]
[EventDate "1995.??.??"]

{4/(28)} 1. d4 d5 2. c4 e6 3. Nc3 Nf6 4. cxd5 exd5 5. Bg5 Be7 6. e3 c6 7. Qc2
Nbd7 8. Bd3 g6 9. Bh6 Bf8 10. Bxf8 Nxf8 11. Nge2 Ne6 12. O-O Bd7 13. b4 Qc7 14.
Rab1 Ng4 15. Ng3 O-O 16. Qd2 Rfe8 17. Rfc1 Qd6 18. Nce2 Ng7 19. Nf1 Bf5 20.
Neg3 Bxd3 21. Qxd3 Qf6 22. Rb2 h5 23. f3 Nh6 24. e4 h4 25. Nh1 dxe4 26. fxe4
Ne6 27. e5 Qg5 28. Rd1 Rad8 29. Qd2 Nf4 30. Qc3 Nf5 31. Ne3 Nh3+ 0-1

[Event "Troy (TCC Res/4/11)"]
[Site "?"]
[Date "1995.??.??"]
[Round "?"]
[White "Vangilder, W."]
[Black "Alliston, Richard"]
[Result "0-1"]
[WhiteElo "1605"]
[BlackElo "1605"]
[PlyCount "42"]
[EventDate "1995.??.??"]

{4/(11)} 1. d4 d5 2. c4 e6 3. Nc3 Nf6 4. cxd5 exd5 5. Bg5 Be7 6. e3 c6 7. Qc2
Be6 8. Bd3 g6 9. Nf3 Nbd7 10. O-O O-O 11. Rab1 Rc8 12. b4 a6 13. a4 b5 14. axb5
cxb5 15. Qa2 Rxc3 16. Be2 Qc8 17. Rfd1 Rc2 18. Qa1 Rxe2 19. Nd2 Re8 20. Rbc1
Qb7 21. Kf1 Rxf2+ 0-1

[Event "Troy (US Am N/2/14)"]
[Site "?"]
[Date "1995.??.??"]
[Round "?"]
[White "Vandivier, Don"]
[Black "al-Shareef, Robert"]
[Result "0-1"]
[WhiteElo "1950"]
[BlackElo "1655"]
[PlyCount "42"]
[EventDate "1995.??.??"]

{2/(14)} 1. e4 c5 2. Nf3 d6 3. d4 cxd4 4. Nxd4 Nf6 5. Nc3 a6 6. Bg5 e6 7. f4
Qb6 8. Qd2 Qxb2 9. Rb1 Qa3 10. e5 dxe5 11. fxe5 Nfd7 12. Bc4 Qc5 13. Bxe6 Qxe5+
14. Kd1 fxe6 15. Re1 Qxh2 16. Nxe6 Qh5+ 17. Ne2 Kf7 18. Qd5 Nf6 19. Nd8+ Kg6
20. Rb6 Nc6 21. Qd3+ Bf5 0-1

[Event "East Lansing (Class A/2/8)"]
[Site "?"]
[Date "1995.??.??"]
[Round "?"]
[White "Vandivier, Don"]
[Black "Spooner, Frank"]
[Result "1-0"]
[WhiteElo "1950"]
[BlackElo "1865"]
[PlyCount "55"]
[EventDate "1995.??.??"]

{2/(8)} 1. e4 c6 2. d4 d5 3. Nc3 dxe4 4. Nxe4 Nf6 5. Nxf6+ gxf6 6. Be3 Bf5 7.
Bd3 Nd7 8. Bxf5 Qa5+ 9. Qd2 Qxf5 10. Nf3 O-O-O 11. O-O-O Qd5 12. Kb1 Rg8 13.
Rhg1 e6 14. Qd3 Rh8 15. Bf4 Nb6 16. b3 Qa5 17. c4 Be7 18. Rge1 Qa6 19. Qe4 Nxc4
20. bxc4 Qxc4 21. Qc2 Qb5+ 22. Ka1 Rd5 23. Rb1 Qa6 24. Qe2 b5 25. Rec1 Kd7 26.
Nd2 Rxd4 27. Nb3 Rxf4 28. Qd2+ 1-0

[Event "East Lansing (MI Op/3/25)"]
[Site "?"]
[Date "1995.??.??"]
[Round "?"]
[White "Vandivier, Don"]
[Black "Sledge, Ernest"]
[Result "1-0"]
[WhiteElo "1940"]
[BlackElo "1835"]
[PlyCount "65"]
[EventDate "1995.??.??"]

{3/(25)} 1. e4 e6 2. d4 d5 3. Nc3 Ne7 4. Bd3 c6 5. e5 Nd7 6. Nf3 c5 7. Bg5 cxd4
8. Nb5 Nxe5 9. Nxe5 a6 10. Qf3 f5 11. Bxe7 Qxe7 12. Nxd4 g6 13. O-O Bg7 14.
Rfe1 O-O 15. Qh3 Qb4 16. Ndf3 Bf6 17. Rab1 Qd6 18. c4 g5 19. Rbc1 g4 20. Nxg4
Bg7 21. Ng5 h6 22. Nxh6+ Bxh6 23. Qxh6 Qe7 24. cxd5 Rf6 25. d6 Qg7 26. Qxg7+
Kxg7 27. Rc7+ Kg6 28. Nf3 e5 29. Nxe5+ Kh6 30. d7 Bxd7 31. Rxd7 b5 32. f4 Rc8
33. Ng4+ 1-0

[Event "East Lansing (MI Op/7/19)"]
[Site "?"]
[Date "1995.??.??"]
[Round "?"]
[White "Vandivier, Don"]
[Black "Morris, Jewell"]
[Result "0-1"]
[WhiteElo "1940"]
[BlackElo "1840"]
[PlyCount "76"]
[EventDate "1995.??.??"]

{7/(19)} 1. e4 c5 2. Nf3 Nc6 3. Nc3 e5 4. Bc4 h6 5. O-O Nf6 6. Nd5 d6 7. Nxf6+
Qxf6 8. h3 Be7 9. d3 O-O 10. Nh2 Qg6 11. Kh1 Be6 12. Bd5 Bxd5 13. exd5 Nb4 14.
f4 exf4 15. Rxf4 Nxd5 16. Rg4 Qe6 17. Re4 Qd7 18. Qe2 f5 19. Re6 Rf6 20. Rxf6
Bxf6 21. Qf3 Ne7 22. c3 Qe6 23. Bd2 Qd5 24. Qxd5+ Nxd5 25. Rf1 Ne7 26. g4 fxg4
27. Nxg4 Bh4 28. Rf4 Ng6 29. Re4 h5 30. Ne3 Rf8 31. Re6 Rf6 32. Re8+ Kh7 33.
Rb8 Rf7 34. Kg1 Ne5 35. Ng2 Bg3 36. Bf4 Bxf4 37. Nxf4 Rxf4 38. Rxb7 Rf7 0-1

[Event "East Lansing (MI Op/5/12)"]
[Site "?"]
[Date "1995.??.??"]
[Round "?"]
[White "Vandivier, Don"]
[Black "Moore, Dan"]
[Result "0-1"]
[WhiteElo "1940"]
[BlackElo "2060"]
[PlyCount "40"]
[EventDate "1995.??.??"]

{5/(12)} 1. e4 c5 2. Nf3 d6 3. d4 cxd4 4. Nxd4 Nf6 5. Nc3 g6 6. Be3 Bg7 7. f3
Nc6 8. Qd2 O-O 9. O-O-O d5 10. Nxc6 bxc6 11. exd5 Nxd5 12. Nxd5 cxd5 13. Qxd5
Qc7 14. Qc5 Qb7 15. Bd4 Bf5 16. Bxg7 Rfc8 17. Rd8+ Rxd8 18. Bc3 Rac8 19. Qe5 f6
20. Qf4 Qd5 0-1

[Event "Troy (US Am N/4/11)"]
[Site "?"]
[Date "1995.??.??"]
[Round "?"]
[White "Vandivier, Don"]
[Black "McCarter, Robert"]
[Result "1-0"]
[WhiteElo "1950"]
[BlackElo "1705"]
[PlyCount "73"]
[EventDate "1995.??.??"]

{4/(11)} 1. e4 c5 2. Nf3 d6 3. d4 cxd4 4. Nxd4 Nf6 5. Nc3 a6 6. Bg5 e6 7. f4
Be7 8. Qf3 Qa5 9. O-O-O Bd7 10. Nb3 Qc7 11. g4 Nc6 12. Bxf6 gxf6 13. Qe3 b5 14.
Kb1 Rb8 15. f5 Ne5 16. fxe6 fxe6 17. Qh6 Nf7 18. Qh5 Kf8 19. Bd3 Be8 20. Rhf1
h6 21. Qh3 Ne5 22. g5 Bf7 23. gxf6 Bd8 24. Ne2 h5 25. Nbd4 Ng4 26. Nf4 Qb6 27.
Ndxe6+ Ke8 28. Nd5 Qa7 29. Ng7+ Kf8 30. Qg3 Qd7 31. Be2 Ne5 32. Nf5 Rg8 33. Qf4
Bg6 34. Nde7 Bxe7 35. fxe7+ Ke8 36. Nxd6+ Kxe7 37. Qf6# 1-0

[Event "Troy (US Am N/6/3)"]
[Site "?"]
[Date "1995.??.??"]
[Round "?"]
[White "Vandivier, Don"]
[Black "Kelo, R."]
[Result "0-1"]
[WhiteElo "1950"]
[BlackElo "2110"]
[PlyCount "36"]
[EventDate "1995.??.??"]

{6/(3)} 1. e4 e5 2. Nf3 Nc6 3. Bc4 Bc5 4. O-O d6 5. b4 Bb6 6. b5 Nce7 7. d4
exd4 8. Nxd4 Nf6 9. Bg5 Ng6 10. c3 h6 11. Qb3 O-O 12. Bxf6 Qxf6 13. Nf3 Bg4 14.
Nbd2 Nf4 15. e5 dxe5 16. Ne4 Qg6 17. Nxe5 Qxe4 18. Bxf7+ Kh8 0-1

[Event "East Lansing (Class A/4/3)"]
[Site "?"]
[Date "1995.??.??"]
[Round "?"]
[White "Vandivier, Don"]
[Black "Garrison, Ray"]
[Result "0-1"]
[WhiteElo "1950"]
[BlackElo "1915"]
[PlyCount "66"]
[EventDate "1995.??.??"]

{4/(3)} 1. e4 e6 2. d4 d5 3. Nc3 Bb4 4. Bd2 dxe4 5. Qg4 Bf8 6. Qxe4 Nf6 7. Qh4
c5 8. dxc5 Bxc5 9. Qg5 Nbd7 10. Qxg7 Rg8 11. Qh6 Bxf2+ 12. Ke2 Qb6 13. Nf3 Qxb2
14. Rc1 Bc5 15. Kd1 Ng4 16. Qxh7 Ndf6 17. Bb5+ Kf8 18. Qh4 Bf2 19. Qh3 Bd4 20.
Rb1 Qxb1+ 21. Nxb1 Nf2+ 22. Ke2 Nxh3 23. Bb4+ Kg7 24. gxh3 e5 25. Nxd4 exd4 26.
Rg1+ Kh6 27. Bd2+ Kh5 28. Rf1 Ne4 29. Be1 Bxh3 30. Rxf7 Bg4+ 31. Kd3 Nd6 32.
Bc4 Rgc8 33. Nd2 Rxc4 0-1

[Event "East Lansing (MI Op/2/29)"]
[Site "?"]
[Date "1995.??.??"]
[Round "?"]
[White "Vandivier, Don"]
[Black "DeRyke, S."]
[Result "1-0"]
[WhiteElo "1940"]
[BlackElo "1815"]
[PlyCount "77"]
[EventDate "1995.??.??"]

{2/(29)} 1. e4 e5 2. Nf3 Nc6 3. Bc4 Bc5 4. O-O Nf6 5. d4 Bxd4 6. Nxd4 Nxd4 7.
f4 Nc6 8. Bxf7+ Kxf7 9. fxe5 Nxe5 10. Qd5+ Kg6 11. Qxe5 d6 12. Qg3+ Kf7 13. Bg5
h6 14. Bxf6 gxf6 15. Nc3 Be6 16. Rf2 Rg8 17. Qh4 Rg6 18. Raf1 Qe7 19. e5 dxe5
20. Ne4 f5 21. Qh5 Rag8 22. Ng3 Kg7 23. Rxf5 Rxg3 24. hxg3 Bxf5 25. Rxf5 Re8
26. g4 e4 27. g5 Rh8 28. g6 Rf8 29. Re5 Qb4 30. Rd5 Qe7 31. Qd1 Kxg6 32. Qg4+
Kf6 33. Rf5+ Ke6 34. Rxf8+ Kd6 35. Qf4+ Kc5 36. Rf5+ Kb6 37. Qe5 Qb4 38. c3 Qa4
39. Qd4+ 1-0

[Event "Grand Rapids (MI Am/1/6)"]
[Site "?"]
[Date "1995.??.??"]
[Round "?"]
[White "Vander Horst, D."]
[Black "Semerciyan, Mike"]
[Result "0-1"]
[WhiteElo "1605"]
[BlackElo "1900"]
[PlyCount "70"]
[EventDate "1995.??.??"]

{1/(6)} 1. e4 e6 2. Nf3 d5 3. exd5 exd5 4. d4 Nf6 5. Bd3 Be7 6. O-O O-O 7. Nc3
Bg4 8. h3 Bh5 9. g4 Bg6 10. Bxg6 hxg6 11. Ne5 c6 12. Re1 Nbd7 13. Bf4 Bb4 14.
a3 Ba5 15. Re3 Bxc3 16. bxc3 Nxe5 17. Bxe5 Ne4 18. f3 Nd6 19. Qe2 Nc4 20. Rd3
Re8 21. Qh2 Qb6 22. Rdd1 Nxe5 23. Qg3 Nc4 24. Rab1 Qa5 25. Rxb7 Qxc3 26. Qf4
Qe3+ 27. Qxe3 Rxe3 28. Kf2 a5 29. Rc7 Rae8 30. Rb1 Rxa3 31. Rbb7 Nd6 32. Ra7
Ree3 33. Rd7 Rxf3+ 34. Ke2 Rae3+ 35. Kd2 Nc4+ 0-1

[Event "Grand Rapids (MI Am/3/15)"]
[Site "?"]
[Date "1995.??.??"]
[Round "?"]
[White "Vander Horst, D."]
[Black "Bolda, Dan H"]
[Result "0-1"]
[WhiteElo "1605"]
[BlackElo "1870"]
[PlyCount "120"]
[EventDate "1995.??.??"]

{3/(15)} 1. e4 e6 2. d4 d5 3. exd5 exd5 4. Nf3 Bg4 5. Be2 Nf6 6. O-O Bd6 7. Bg5
Nbd7 8. Re1 O-O 9. Nc3 c6 10. Ne5 Bf5 11. g4 Be6 12. f4 Nb6 13. f5 Bd7 14. Bf3
Be7 15. Nxd7 Qxd7 16. Re3 Nc4 17. Re2 Nxb2 18. Qe1 Rfe8 19. Rb1 Nc4 20. Na4 b6
21. Bh4 Ne4 22. Bxe7 Rxe7 23. Nc3 Ncd2 24. Bxe4 Nxb1 25. Qxb1 dxe4 26. Nxe4
Qxd4+ 27. Kh1 Rxe4 28. c3 Qd5 29. Qxe4 Qxe4+ 30. Rxe4 Kf8 31. Kg2 Rd8 32. Rd4
Rxd4 33. cxd4 Ke7 34. Kf3 Kd6 35. h4 b5 36. g5 g6 37. f6 Kd5 38. Ke3 a5 39. Kd3
b4 40. Ke3 a4 41. Kd3 b3 42. axb3 axb3 43. Kc3 b2 44. Kxb2 Kxd4 45. Kc2 Kc4 46.
Kd2 Kb3 47. Kd3 c5 48. Kd2 c4 49. Kc1 Kc3 50. Kd1 Kb2 51. Kd2 c3+ 52. Kd3 c2
53. Kd4 c1=Q 54. Kd5 Qc7 55. Kd4 Qf4+ 56. Kd5 Qxh4 57. Kd6 Qxg5 58. Ke7 Qd5 59.
Kf8 h5 60. Kg7 h4 0-1

[Event "Grand Rapids (MI Am/2/38)"]
[Site "?"]
[Date "1995.??.??"]
[Round "?"]
[White "Van de Steeg, D."]
[Black "Williams, C."]
[Result "0-1"]
[WhiteElo "1605"]
[BlackElo "1605"]
[PlyCount "60"]
[EventDate "1995.??.??"]

{2/(38)} 1. e4 d5 2. Nc3 d4 3. Nce2 e6 4. Nf4 Bd6 5. Nge2 e5 6. Nd3 Nf6 7. g3
Nxe4 8. Bg2 Bf5 9. O-O Nd7 10. c3 Ndc5 11. Nxc5 Nxc5 12. cxd4 Nd3 13. Bxb7 Rb8
14. Qb3 Nxc1 15. Bc6+ Ke7 16. Qe3 Nxe2+ 17. Qxe2 f6 18. d5 Rxb2 19. Qe3 Kf7 20.
d4 Bd7 21. Rfb1 exd4 22. Qxd4 Be5 23. Qxa7 Rd2 24. Rb8 Qxb8 25. Qa5 Qb2 26. Re1
Rxf2 27. Qc5 Rg2+ 28. Kf1 Bh3 29. Re3 Rc2+ 30. Ke1 Qc1# 0-1

[Event "Grand Rapids (MI Am/3/45)"]
[Site "?"]
[Date "1995.??.??"]
[Round "?"]
[White "Van de Steeg, D."]
[Black "Parent, S."]
[Result "0-1"]
[WhiteElo "1605"]
[BlackElo "1605"]
[PlyCount "54"]
[EventDate "1995.??.??"]

{3/(45)} 1. e4 c5 2. b3 Nc6 3. Nf3 e6 4. d3 d5 5. exd5 exd5 6. c4 Qf6 7. d4
cxd4 8. Bb2 Bg4 9. h3 Bxf3 10. gxf3 Qe6+ 11. Be2 Bc5 12. cxd5 Qxd5 13. O-O Nge7
14. Bc4 Qg5+ 15. Kh1 O-O 16. Ba3 Rad8 17. Bxc5 Qxc5 18. Nd2 Qh5 19. Ne4 Ne5 20.
Nc5 Qxh3+ 21. Kg1 Nxf3+ 22. Qxf3 Qxf3 23. a4 Nf5 24. Rfe1 Nh4 25. Bf1 Qg4+ 26.
Kh1 Nf3 27. Be2 Qh3# 0-1

[Event "Grand Rapids (MI Am/5/43)"]
[Site "?"]
[Date "1995.??.??"]
[Round "?"]
[White "Van de Steeg, D."]
[Black "Nolan, Dan"]
[Result "1-0"]
[WhiteElo "1605"]
[BlackElo "1605"]
[PlyCount "81"]
[EventDate "1995.??.??"]

{5/(43)} 1. e4 c5 2. b3 d6 3. Nf3 Nc6 4. Bb2 Nf6 5. h3 e6 6. d3 g6 7. g4 Bg7 8.
Bg2 O-O 9. Qd2 b5 10. Na3 Ba6 11. h4 b4 12. Nc4 Bxc4 13. bxc4 d5 14. e5 Nxg4
15. h5 Ncxe5 16. O-O-O dxc4 17. Rde1 Nxf3 18. Bxf3 Bxb2+ 19. Kxb2 Qf6+ 20. Kb1
Qxf3 21. hxg6 fxg6 22. dxc4 Qxf2 23. Qg5 Qf3 24. Qh4 Nf6 25. Ref1 Qh5 26. Qf4
Qg4 27. Qd6 Qxc4 28. Rf4 Qe2 29. Rhf1 Kg7 30. Rxf6 Rxf6 31. Qe7+ Kh6 32. Qxf6
Qe4 33. Rf4 Qe1+ 34. Kb2 c4 35. Rh4+ Qxh4 36. Qxh4+ Kg7 37. Qxc4 Kf6 38. Qxb4
h5 39. Qc3+ e5 40. Qf3+ Kg5 41. Qxa8 1-0

[Event "East Lansing (MI Op/7/12)"]
[Site "?"]
[Date "1995.??.??"]
[Round "?"]
[White "Van Loon, C."]
[Black "Jarosz, Stan"]
[Result "1/2-1/2"]
[WhiteElo "1925"]
[BlackElo "2020"]
[PlyCount "109"]
[EventDate "1995.??.??"]

{7/(12)} 1. e4 c5 2. Nf3 e6 3. d4 cxd4 4. Nxd4 Nf6 5. Nc3 d6 6. Bb5+ Bd7 7.
Bxd7+ Qxd7 8. O-O Nc6 9. Bg5 Be7 10. Nxc6 bxc6 11. Re1 Qc7 12. Qd4 O-O 13. Rad1
Rfd8 14. h3 Rab8 15. b3 d5 16. e5 Ne8 17. Bxe7 Qxe7 18. Na4 a5 19. Qc5 Qxc5 20.
Nxc5 Rb5 21. Nd3 Nc7 22. a4 Rb6 23. Nc5 Na6 24. Nxa6 Rxa6 25. Rd3 Rb6 26. Rc3
Rc8 27. Rc5 Ra6 28. Re3 Kf8 29. Rd3 Ke7 30. Kf1 f6 31. exf6+ gxf6 32. Rg3 Kd6
33. Rcc3 Rc7 34. Ke2 Raa7 35. Kd2 e5 36. Rcf3 Ke6 37. Rg8 Rf7 38. Re8+ Kd7 39.
Rg8 Ke6 40. Re8+ Rae7 41. Rxe7+ Rxe7 42. Rg3 f5 43. Rg8 f4 44. Ke2 e4 45. Ra8
Rg7 46. Kf1 d4 47. Rxa5 e3 48. fxe3 dxe3 49. Rc5 Rd7 50. Rxc6+ Kf5 51. Rc5+ Ke4
52. Rc4+ Kf5 53. Rc5+ Ke4 54. Rc4+ Kf5 55. Rc5+ 1/2-1/2

[Event "East Lansing (MI Op/6/20)"]
[Site "?"]
[Date "1995.??.??"]
[Round "?"]
[White "Van Loon, C."]
[Black "Easter, J."]
[Result "1-0"]
[WhiteElo "1925"]
[BlackElo "1700"]
[PlyCount "119"]
[EventDate "1995.??.??"]

{6/(20)} 1. e4 c5 2. Nf3 d6 3. d4 cxd4 4. Nxd4 Nf6 5. Nc3 a6 6. Be2 e5 7. Nf3
b5 8. a3 Bb7 9. Bd3 Nbd7 10. Be3 d5 11. exd5 Nxd5 12. Nxd5 Bxd5 13. Be2 Bb7 14.
O-O Be7 15. Qd2 Qc7 16. Rac1 O-O 17. c4 bxc4 18. Bxc4 Qd8 19. Bd5 Bxd5 20. Qxd5
Bf6 21. Rfd1 e4 22. Qxe4 Bxb2 23. Rc2 Bxa3 24. Rcd2 Nf6 25. Qa4 Qe7 26. Nd4 Qb4
27. Qc6 Rfc8 28. Qf3 Qe7 29. Bg5 Bc1 30. Nc6 Qc5 31. Bxf6 Bxd2 32. Ne7+ Kf8 33.
Nxc8 Rxc8 34. Bxg7+ Kxg7 35. Rxd2 Qc3 36. Qg4+ Kh8 37. Rd1 a5 38. h3 Qc2 39.
Qd4+ Kg8 40. Rd3 Rc6 41. Rg3+ Rg6 42. Qd8+ Kg7 43. Qxa5 Qc1+ 44. Kh2 Qf4 45.
Qc3+ Kg8 46. Qf3 Qb8 47. h4 Qe5 48. Qe3 Qb8 49. h5 Rxg3 50. Qxg3+ Qxg3+ 51.
Kxg3 Kg7 52. Kf4 Kf6 53. f3 h6 54. g4 Kg7 55. Kf5 Kf8 56. Kf6 Kg8 57. f4 Kf8
58. f5 Kg8 59. Ke7 Kg7 60. f6+ 1-0

[Event "East Lansing (MI Op/4/11)"]
[Site "?"]
[Date "1995.??.??"]
[Round "?"]
[White "Van Loon, C."]
[Black "Eagle, Chris"]
[Result "1/2-1/2"]
[WhiteElo "1925"]
[BlackElo "2155"]
[PlyCount "77"]
[EventDate "1995.??.??"]

{4/(11)} 1. e4 c5 2. Nf3 d6 3. d4 cxd4 4. Nxd4 Nf6 5. Nc3 g6 6. Be2 Bg7 7. Be3
O-O 8. Qd2 Nc6 9. Nxc6 bxc6 10. Bh6 Bxh6 11. Qxh6 Qb6 12. Qc1 Rb8 13. Rb1 Qb4
14. Bd3 d5 15. a3 Qc5 16. exd5 cxd5 17. O-O d4 18. Ne2 e5 19. Qg5 Kg7 20. f4 h6
21. Qxe5 Qxe5 22. fxe5 Ng4 23. Nxd4 Nxe5 24. Be2 Bb7 25. b4 Rbc8 26. Rfc1 Rfd8
27. c3 Be4 28. Ra1 Bd3 29. Kf2 Bxe2 30. Kxe2 Nc4 31. a4 Re8+ 32. Kf2 Re3 33.
Ra2 Rd3 34. Ne2 Nd6 35. Rac2 f5 36. Kf1 Ne4 37. Nf4 Rd6 38. Ke2 Kf6 39. a5
1/2-1/2

[Event "East Lansing (MI Op/2/31)"]
[Site "?"]
[Date "1995.??.??"]
[Round "?"]
[White "Van Loon, C."]
[Black "Arganian, David H"]
[Result "1-0"]
[WhiteElo "1925"]
[BlackElo "1800"]
[PlyCount "63"]
[EventDate "1995.??.??"]

{2/(31)} 1. e4 e5 2. Nf3 d6 3. d4 f5 4. dxe5 fxe4 5. Ng5 d5 6. c4 c6 7. cxd5
Qxd5 8. Qxd5 cxd5 9. Bb5+ Nc6 10. Nc3 Bb4 11. Bd2 Nge7 12. Ncxe4 O-O 13. a3
Bxd2+ 14. Nxd2 Nxe5 15. O-O a6 16. Rae1 N7g6 17. Be2 Bd7 18. Ngf3 Rae8 19. Nxe5
Nxe5 20. Rc1 Bc6 21. Nf3 Nc4 22. Nd4 Nxb2 23. Bxa6 Nc4 24. Bxc4 dxc4 25. Nxc6
bxc6 26. Rxc4 Ra8 27. a4 Ra5 28. g3 Rf3 29. Rb1 Ra3 30. Rxc6 R3xa4 31. Rb8+ Kf7
32. Rb7+ 1-0

[Event "Grand Rapids (MI Am/4/35)"]
[Site "?"]
[Date "1995.??.??"]
[Round "?"]
[White "Van Dorp, J."]
[Black "Williams, C."]
[Result "0-1"]
[WhiteElo "1605"]
[BlackElo "1605"]
[PlyCount "68"]
[EventDate "1995.??.??"]

{4/(35)} 1. d4 f5 2. Bf4 Nf6 3. e3 g6 4. Be5 Bg7 5. Bxf6 Bxf6 6. f4 b6 7. Be2
d5 8. Nf3 h6 9. h4 Qd6 10. Qd2 Nd7 11. Nc3 a6 12. Ne5 c5 13. Bf3 Bb7 14. O-O
Rg8 15. dxc5 bxc5 16. Bxd5 Bxd5 17. Qxd5 Qxd5 18. Nxd5 Bxh4 19. Nc7+ Kf8 20.
Nxd7+ Kg7 21. Nxa8 Rxa8 22. Nxc5 Rc8 23. Nxa6 Rxc2 24. b4 Bf6 25. Rfc1 Re2 26.
Rab1 Rxe3 27. b5 Bd4 28. Kf1 Re4 29. g3 Re3 30. Re1 Rf3+ 31. Kg2 Rf2+ 32. Kh3
Kf6 33. b6 g5 34. Rh1 g4+ 0-1

[Event "Grand Rapids (MI Am/1/34)"]
[Site "?"]
[Date "1995.??.??"]
[Round "?"]
[White "Van Dorp, J."]
[Black "Scioly, Tony"]
[Result "0-1"]
[WhiteElo "1605"]
[BlackElo "1605"]
[PlyCount "104"]
[EventDate "1995.??.??"]

{1/(34)} 1. d4 Nf6 2. e3 g6 3. c4 Bg7 4. Nf3 d6 5. Bd3 O-O 6. Nbd2 c5 7. d5 e6
8. e4 e5 9. h3 Na6 10. a3 Nc7 11. b4 b6 12. Nf1 Nh5 13. N1h2 Nf4 14. Rg1 f5 15.
Be3 g5 16. Bxf4 gxf4 17. Qc2 Ne8 18. O-O-O fxe4 19. Bxe4 Nf6 20. g4 Nxe4 21.
Qxe4 cxb4 22. axb4 Bd7 23. h4 Rc8 24. Ng5 Rf6 25. c5 bxc5 26. b5 Rb8 27. Qxh7+
Kf8 28. Ne6+ Bxe6 29. dxe6 Rxe6 30. Nf3 Rh6 31. Qd3 Rb6 32. g5 Re6 33. Qf5+ Ke7
34. g6 Rf6 35. Qg5 Qe8 36. Nxe5 dxe5 37. Qxe5+ Kf8 38. Qxc5+ Kg8 39. Rge1 Qf8
40. Qc7 Qa3+ 41. Kc2 Qa4+ 42. Kc1 Qa3+ 43. Kc2 Qa4+ 44. Kd2 Qb4+ 45. Ke2 Qxb5+
46. Kf3 Qc6+ 47. Qxc6 Rbxc6 48. Re8+ Rf8 49. Rxf8+ Kxf8 50. Rd8+ Ke7 51. Rg8
Rxg6 52. Kxf4 Bh6+ 0-1

[Event "Grand Rapids (MI Am/2/25)"]
[Site "?"]
[Date "1995.??.??"]
[Round "?"]
[White "Van Dorp, J."]
[Black "Fuson, R."]
[Result "1-0"]
[WhiteElo "1605"]
[BlackElo "1605"]
[PlyCount "99"]
[EventDate "1995.??.??"]

{2/(25)} 1. d4 Nf6 2. e3 d5 3. Bd3 g6 4. f4 Bg4 5. Nf3 Bxf3 6. Qxf3 Nc6 7. c3
Bg7 8. Nd2 O-O 9. O-O e6 10. a4 a5 11. b3 Re8 12. Ba3 Ne7 13. c4 c6 14. c5 Nf5
15. g4 Nh4 16. Qh3 Nd7 17. Nf3 Nxf3+ 18. Rxf3 f5 19. g5 b6 20. Rc1 bxc5 21.
Bxc5 Nxc5 22. Rxc5 Qb6 23. Bc2 Rac8 24. Qh4 Qb4 25. Rh3 Kf7 26. Kg2 Rh8 27. Kf3
Bxd4 28. exd4 Qxd4 29. Qf2 Qxf2+ 30. Kxf2 Kg7 31. Rxa5 c5 32. Rc3 c4 33. Ke3 h5
34. h4 Rhd8 35. Ra7+ Kf8 36. b4 d4+ 37. Kd2 dxc3+ 38. Kxc3 Ke8 39. a5 Rd7 40.
Ba4 Rcd8 41. Bxd7+ Rxd7 42. Rxd7 Kxd7 43. Kxc4 Kc7 44. b5 Kb7 45. Kd4 Kc7 46.
Ke5 Kd7 47. a6 Kc7 48. Kxe6 Kb6 49. Kf6 Ka7 50. Kxg6 1-0

[Event "East Lansing (MI Op/1a/6)"]
[Site "?"]
[Date "1995.??.??"]
[Round "?"]
[White "Turner, Keita"]
[Black "Ward, Tom"]
[Result "1-0"]
[WhiteElo "1900"]
[BlackElo "2210"]
[PlyCount "61"]
[EventDate "1995.??.??"]

1. d4 Nf6 2. e3 e6 3. Bd3 c5 4. c3 Be7 5. f4 d5 6. Nd2 Nc6 7. Ngf3 Ng4 8. Qe2
f5 9. O-O O-O 10. Ne5 Ngxe5 11. fxe5 Bd7 12. Qh5 Qe8 13. Qh3 Qg6 14. Nf3 Be8
15. Bd2 Qh5 16. Qg3 Kh8 17. h4 h6 18. Be2 g5 19. hxg5 hxg5 20. Kf2 Kg7 21. Rh1
Qg4 22. Qh2 Bg6 23. Qh6+ Kf7 24. Nh4 Qxh4+ 25. Rxh4 gxh4 26. Bh5 Rg8 27. Qh7+
Rg7 28. Bxg6+ Kf8 29. Qh8+ Rg8 30. Qh6+ Rg7 31. e4 1-0

[Event "East Lansing (MI Op/6/14)"]
[Site "?"]
[Date "1995.??.??"]
[Round "?"]
[White "Turner, Keita"]
[Black "Skidmore, Mike"]
[Result "0-1"]
[WhiteElo "1900"]
[BlackElo "1955"]
[PlyCount "46"]
[EventDate "1995.??.??"]

{6/(14)} 1. d4 c6 2. e3 Nf6 3. Bd3 d5 4. Nd2 Bg4 5. Ngf3 Nbd7 6. O-O e6 7. c3
Bd6 8. e4 dxe4 9. Nxe4 Nxe4 10. Bxe4 Nf6 11. Bc2 Qc7 12. h3 Bh5 13. Re1 Rd8 14.
Bg5 h6 15. Bxf6 gxf6 16. Qd3 Ke7 17. Nh4 Kd7 18. Qf5 Bh2+ 19. Kh1 exf5 20.
Bxf5+ Kd6 21. c4 Rde8 22. f3 Qa5 23. c5+ Kc7 0-1

[Event "Eastpointe (MCO/1/21)"]
[Site "?"]
[Date "1995.??.??"]
[Round "?"]
[White "Turner, Keita"]
[Black "Rosebrook, G."]
[Result "1-0"]
[WhiteElo "1900"]
[BlackElo "1605"]
[PlyCount "33"]
[EventDate "1995.??.??"]

{1/(21)} 1. e4 c5 2. d4 cxd4 3. c3 e6 4. cxd4 Nf6 5. Nc3 Bb4 6. Bd3 Nc6 7. Nf3
O-O 8. O-O a6 9. e5 Bxc3 10. bxc3 Nd5 11. Bxh7+ Kxh7 12. Ng5+ Kg6 13. h4 Rh8
14. Qd3+ f5 15. exf6+ Kxf6 16. Qf3+ Ke7 17. Ba3+ 1-0

[Event "Eastpointe (MCO/3/15)"]
[Site "?"]
[Date "1995.??.??"]
[Round "?"]
[White "Turner, Keita"]
[Black "Quander, K."]
[Result "0-1"]
[WhiteElo "1900"]
[BlackElo "1605"]
[PlyCount "58"]
[EventDate "1995.??.??"]

{3/(15)} 1. e4 e6 2. d4 d5 3. Nd2 c5 4. c3 cxd4 5. cxd4 dxe4 6. Nxe4 Be7 7. Nf3
Nf6 8. Bd3 Nc6 9. O-O Bd7 10. Be3 Nb4 11. Bb1 Nbd5 12. Ne5 Rc8 13. Ng5 O-O 14.
a3 h6 15. Ne4 Bc6 16. Ng3 Bd6 17. Qe2 a6 18. Rd1 Qc7 19. Nxc6 Qxc6 20. Ne4 Nxe3
21. Nxf6+ gxf6 22. Qxe3 Kg7 23. Be4 Qb5 24. a4 Qh5 25. g3 b5 26. axb5 axb5 27.
f4 e5 28. Kh1 exd4 29. Qxd4 Rfd8 {0-1, time.} 0-1

[Event "Troy (US Am N/6/13)"]
[Site "?"]
[Date "1995.??.??"]
[Round "?"]
[White "Turner, Keita"]
[Black "McCarter, Robert"]
[Result "1-0"]
[WhiteElo "1900"]
[BlackElo "1705"]
[PlyCount "67"]
[EventDate "1995.??.??"]

{6/(13)} 1. e4 c5 2. d4 cxd4 3. c3 Nf6 4. e5 Nd5 5. cxd4 e6 6. Nf3 a6 7. Bc4
Nb6 8. Bb3 d6 9. exd6 Bxd6 10. O-O O-O 11. Nc3 Be7 12. Ne4 Nd5 13. Qe2 b5 14.
a3 Bb7 15. Bc2 Nd7 16. Re1 Rc8 17. Qd3 N7f6 18. Bg5 g6 19. Bh6 Re8 20. Rac1 Rc7
21. Nxf6+ Bxf6 22. Bb1 Qc8 23. Ne5 Rxc1 24. Rxc1 Qd8 25. Qg3 Bg7 26. Bxg7 Kxg7
27. Be4 Qb6 28. Bxd5 Bxd5 29. Qf4 Qb7 30. Ng4 Qe7 31. Rc7 Qf8 32. Qf6+ Kg8 33.
Nh6+ Qxh6 34. Qxf7+ 1-0

[Event "Eastpointe (MCO/5/17)"]
[Site "?"]
[Date "1995.??.??"]
[Round "?"]
[White "Turner, Keita"]
[Black "Heritier, R."]
[Result "1-0"]
[WhiteElo "1900"]
[BlackElo "1695"]
[PlyCount "81"]
[EventDate "1995.??.??"]

{5/(17)} 1. e4 c5 2. d4 cxd4 3. c3 d5 4. exd5 Qxd5 5. Nf3 Nc6 6. cxd4 e6 7. Nc3
Bb4 8. Bd3 Qa5 9. Bd2 Nf6 10. a3 Be7 11. O-O a6 12. Re1 Qd8 13. Bf4 O-O 14. Ne4
Nxe4 15. Rxe4 Bf6 16. Ne5 Ne7 17. Ng4 Nd5 18. Nxf6+ Nxf6 19. Re3 Bd7 20. Rh3 h6
21. Qf3 e5 22. dxe5 Bxh3 23. exf6 Qxf6 24. gxh3 g5 25. Qe4 Qg6 26. Qxg6+ fxg6
27. Be3 Rf6 28. Rc1 b5 29. Rc7 Raf8 30. Bc2 Rd8 31. Bb3+ Kh8 32. Re7 Rfd6 33.
Be6 Rc6 34. Bd7 Rd6 35. Re8+ Rxe8 36. Bxe8 Kg7 37. Kf1 Kf6 38. Bc5 Rd8 39. Bc6
Ke5 40. Bb4 Kd4 41. Bb7 1-0